00720nam a2200241 a 4500001001300000003000900013005001700022008004100039020002300080082001300103100001800116245007300134260003300207300000900240500003500249505001000284650002000294700001800314902000800332942000700340952011400347999001700461nice12345678IN_TiNIC20260116013159.0050524s1987 newa grp 000 0 eng  a0883441 c98000a260bAMA aAman, Kenneth aBorder Regions of Faithb an Anthology of Religion and Social Change aNew YorkbOrbis Books c1987 a528p aincludes index and biblioraphy2 aIndex aTheology-Social1 aAman, Kenneth bSRS cBK 001040708StackRoom-aHMIbHMId2007-07-10g980.00l0o260 AMAp016553r2007-07-10v980.00w2005-05-24yBK c10004d10004